Responses for show #3189 - Thursday, June 11, 1998

Contestants

Liz Lesnick, an editor from New York City, New York

Steve Sosnick, an options trader from New York City, New York

Philip Sasse, a polymer chemist from Douglasville, Georgia (whose 2-day cash winnings total $31,900)

Jeopardy! Round responses

WHEN STATES FIGHT
ASSOCIATES
TRAVEL TEXAS
THE LITTLE THINGS IN LIFE
NAME THE SINGER
ALMOST RHYMES WITH ORANGE
(Alex: Kind of weird!)
    $100 16
Secession

Philip
    $100 1
Fellow

Liz
    $100 25
(a minute to go...)

The Alamo

Steve
    $100 21
Hummingbirds

Steve
    $100 6
Neil Diamond

Liz
    $100 11
Arrange

Steve
    $200 17
the Colorado River

Steve
    $200 2
(P: What is a fellow traveler?)

Comrade

PhilipLiz
    $200 26
Astrodome

Philip
    $200 22
Tom Thumb

Steve
    $200 7
Carly Simon

Philip
    $200 12
Porridge

Liz
    $300 18
Massachusetts

Philip
    $300 3
Frat brother

Liz
    $300 30
Dallas

Philip
    $300 23
Electrons

Steve
    $300 8
Lionel Richie

Liz
    $300 13
Foreign

Philip
    $400 19
(L: What is the Statue of Liberty?)

Ellis Island

PhilipLiz
    $400 4
Collaborator

Philip
    $1,000 28
Raising of the flag on Iwo Jima

Philip
    $400 24
(P: What is a mosquito?)

Flea

PhilipLiz
    $400 9
Celine Dion

Liz
    $400 14
Syringe

Liz
    $500 20
Missouri

Philip
    $500 5
Crony

Triple Stumper
    $500 29
(S: What is South Padre Island?)
(L: What is North Padre Island?)

Padre Island

SteveLiz
Triple Stumper
    $500 27
Thumbelina

Philip
    $500 10
Melissa Etheridge

Steve
    $500 15
Florence

Steve

Scores at the first commercial break (after clue 15):

Philip Steve Liz
$700 $1,100 $2,000

Scores at the end of the Jeopardy! Round:

Philip Steve Liz
$3,600 $1,500 $1,500

Double Jeopardy! Round responses

OFFBEAT MUSEUMS
BIBLICAL BOTANY
GIVING AWAY THE ENDING
(Alex: Not nice!)
THEY MIGHT BE GIANTS
ACTRESSES & THEIR ROLES
BEFORE & AFTER
(Alex: Which is getting to be a really popular category on our show!)
    $200 7
Rice

Philip
    $200 15
(S: What is "Howards End?")

"A Room With A View"

PhilipSteve
    $200 2
Goliath

Philip
    $200 11
Mrs. Robinson

Philip
    $200 1
(S: Who is Rich Little?)

Rich Little Bo Peep

PhilipSteve
    $400 10
Lunchboxes

Liz
    $400 16
"Jane Eyre"

Liz
    $400 3
Shaquille O'Neal

Philip
    $400 17
Kirstie Alley

Liz
    $400 8
(Steve: Who is Spenser for Hire?)

Edmund Spenser for Hire

PhilipSteve
    $600 12
Campbell Soup

Steve
    $600 20
Victor Hugo

Philip
    $600 4
Colossus of Rhodes

Philip
    $1,300 18
Maria Callas

Liz
    $600 9
Born Again Christian Slater

Triple Stumper
    $800 13
Akron

Steve
    $800 23
(P: What is lettuce?)
(S: What is watercress?)

Cucumber

PhilipSteveLiz
    $800 24
[The end-of-round signal sounds.]

The Sun Also Rises

Liz
    $800 5
(P: What is the blue whale?)

Giant squid

PhilipSteve
    $800 19
Whitney Houston

Philip
    $800 21
(P: What is Don King George's Army?)
(minute to go...)

Don King George III

PhilipSteve
    $1000 14
Roswell, New Mexico

Philip
    $1000 6
Pantagruel

Triple Stumper
    $1000 22
(L: What is Gene Hackman...(time)?)
(S: What is Bad Gene Hackman?)
(Alex: (before FJ) Our judges, after quick research, have decided to accept Steve's response of "Bad Gene Hackman".)

Defective Gene Hackman

SteveLiz

Scores at the end of the Double Jeopardy! Round:

Philip Steve Liz
$6,000 $3,900 $4,600

[wagering suggestions for these scores]

Final Jeopardy! Round responses

FAMOUS AMERICAN FAMILIES
SteveWho are the Colts
$3,900
LizWho are the Remingtons?
$4,599
PhilipWho are the Lowells?
$3,201
The Colt Family

Final scores:

Philip Steve Liz
$2,799 $7,800 $1
2nd place: Temptress Adventures Houseboat Cruise in Costa Rica New champion: $7,800 3rd place: Meade Model 395 Telescope

Game dynamics:

Coryat scores:

Philip Steve Liz
$5,400 $3,900 $3,900
22 R
(including 1 DD),
5 W
13 R,
5 W
15 R
(including 1 DD),
3 W

Combined Coryat: $13,200

The J! Archive is created by fans, for fans. The Jeopardy! game show and all elements thereof, including but not limited to copyright and trademark thereto, are the property of Jeopardy Productions, Inc. and are protected under law. This website is not affiliated with, sponsored by, or operated by Jeopardy Productions, Inc. Join the discussion at JBoard.tv.